Women facing war (Record no. 16033)

000 -LEADER
fixed length control field 00433nam a22001577a 4500
003 - CONTROL NUMBER IDENTIFIER
control field OSt
005 - DATE AND TIME OF LATEST TRANSACTION
control field 20170105102930.0
008 - FIXED-LENGTH DATA ELEMENTS--GENERAL INFORMATION
fixed length control field 140214b xxu||||| |||| 00| 0 eng d
040 ## - CATALOGING SOURCE
Original cataloging agency 1
082 ## - DEWEY DECIMAL CLASSIFICATION NUMBER
Classification number 303.66082
Author Mark LIN 2001
100 ## - MAIN ENTRY--PERSONAL NAME
Personal name Lindsey, Charlotte
245 ## - TITLE STATEMENT
Title Women facing war
Remainder of title ICRC study on the impact of armed conflicT on women
Statement of responsibility, etc. Charlotte Lindsey
260 ## - PUBLICATION, DISTRIBUTION, ETC.
Place of publication, distribution, etc. Geneva
Name of publisher, distributor, etc. ICRC
Date of publication, distribution, etc. 2001
300 ## - PHYSICAL DESCRIPTION
Extent 274 p;
Other physical details 23cm
942 ## - ADDED ENTRY ELEMENTS (KOHA)
Source of classification or shelving scheme
Koha item type Book
Holdings
Withdrawn status Lost status Damaged status Not for loan Collection code Permanent Location Current Location Shelving location Date acquired Total Checkouts Full call number Barcode Date last seen Price effective from Koha item type
          Centre for International Peace & Stability (CIPS) Centre for International Peace & Stability (CIPS) General Stacks 01/06/2014   303.66082 LIN 2001 CIPSD0000051 02/14/2014 02/14/2014 Book
          Centre for International Peace & Stability (CIPS) Centre for International Peace & Stability (CIPS) General Stacks 01/06/2014   303.66082 LIN 2001 CIPSD0000050 02/14/2014 02/14/2014 Book
© 2023 Central Library, National University of Sciences and Technology. All Rights Reserved.